000 00874nam a2200265Ia 4500
003 OSt
005 20220925223608.0
006 a|||||r|||| 00| 0
007 ta
008 220923b |||||||| |||| 00| 0 eng d
020 _a0415300789
_c2157.0999999999999
037 _b3782, 02/09/2009, RAJKIRAN BOOK AGENCY
_cGeneral Book
040 _aRTL
_cRTL
_beng
041 _2eng
_aeng
082 _aY2:3(S5).P0- >N9, P4
100 _aTHERBORN Goran
_922939
245 0 _aBetween sex and power
_b Family in the world, 1900-2000.
260 _aLondon
_bRoutledge
_c2004
300 _axii, 379p
_ccm.
490 _aInternational Library of Sociology
500 _aBibliography: P 323-64
650 _aSociology
942 _hY2:3(S5).P0- >N9, P4
_cGB
_2CC
999 _c580007
_d580007